000 00375nam a2200145Ia 4500
008 260407s9999 xx 000 0 und d
020 _a9.7893898026e+012
082 _a658.421
_bKUM/E
100 _aKumar, S Anil
245 0 _aEntrepreneurship Development
250 _a2nd
260 _aNew Delhi
_bNew Age International Publishers
_c2025
300 _a283p.
942 _cBK
999 _c54144
_d54144